书目信息 |
| 题名: |
淞沪抗战史料丛书续编
|
|
| 作者: | 余子道 , 全勤 主编 | |
| 分册: | Ⅰ | |
| 出版信息: | 上海 上海科学技术文献出版社 2017.03 |
|
| 页数: | 384页 | |
| 开本: | 22cm | |
| 丛书名: | 上海抗战与世界反法西斯战争系列丛书 | |
| 单 册: | ||
| 中图分类: | K265.506 , K264.310.6 | |
| 科图分类: | ||
| 主题词: | 八·一三事变--史料 , 一·二八事变--史料 | |
| 电子资源: | ||
| ISBN: | 978-7-5439-7258-2 | |
| 000 | 01328oam2 2200349 450 | |
| 001 | 0120172160945 | |
| 005 | 20170911160658.07 | |
| 010 | @a978-7-5439-7258-2@b精装@dCNY98.00 | |
| 100 | @a20170329e2017 em y0chiy50 ea | |
| 101 | 0 | @achi |
| 102 | @aCN@b310000 | |
| 105 | @ay z 000yy | |
| 106 | @ar | |
| 200 | 1 | @a淞沪抗战史料丛书续编@9song hu kang zhan shi liao cong shu xu bian@hⅠ@h第五辑 |
| 205 | @a[影印本] | |
| 210 | @a上海@c上海科学技术文献出版社@d2017.03 | |
| 215 | @a384页@d22cm | |
| 225 | 2 | @a上海抗战与世界反法西斯战争系列丛书 |
| 300 | @a由上海市哲学社会科学规划课题资助出版 | |
| 314 | @a主编:余子道,全勤 | |
| 327 | 1 | @a女义勇军/汪剑鸣编@a一二八之夜/少年书局编@a淞沪抗日阵亡战士追悼大会会刊/佚名编 |
| 330 | @a《淞沪抗战史料丛书续编》将稀见的关于淞沪抗战史料以影印的形式出版,内容涵盖两次淞沪抗战,体现了在中国共产党领导下抗日民族统一战线的伟大力量。本册收录了《女义勇军》、《一二八之夜》、《淞沪抗日阵亡战士追悼大会会刊》。 | |
| 333 | @a史料相关研究人员 | |
| 461 | 0 | @12001 @a上海抗战与世界反法西斯战争系列丛书 |
| 606 | 0 | @a八·一三事变@j史料 |
| 606 | 0 | @a一·二八事变@j史料 |
| 690 | @aK265.506@v5 | |
| 690 | @aK264.310.6@v5 | |
| 701 | 0 | @a余子道@9yu zi dao@4主编 |
| 701 | 0 | @a全勤@9quan qin@4主编 |
| 801 | 0 | @aCN@b人天书店@c20170329 |
| 905 | @b1061596-601@dK265.506@e138:5@f6 | |
| 淞沪抗战史料丛书续编.Ⅰ.第五辑.-[影印本].-上海:上海科学技术文献出版社,2017.03 |
| 384页;22cm.-(上海抗战与世界反法西斯战争系列丛书) |
| 由上海市哲学社会科学规划课题资助出版.-使用对象:史料相关研究人员 |
| 部分内容:女义勇军/汪剑鸣编;一二八之夜/少年书局编;淞沪抗日阵亡战士追悼大会会刊/佚名编 |
| ISBN 978-7-5439-7258-2(精装):CNY98.00 |
| 《淞沪抗战史料丛书续编》将稀见的关于淞沪抗战史料以影印的形式出版,内容涵盖两次淞沪抗战,体现了在中国共产党领导下抗日民族统一战线的伟大力量。本册收录了《女义勇军》、《一二八之夜》、《淞沪抗日阵亡战士追悼大会会刊》。 |
| ● |
| 相关链接 |
|
|
|
|
正题名:淞沪抗战史料丛书续编
索取号:K265.506/138:5
 
预约/预借
| 序号 | 登录号 | 条形码 | 馆藏地/架位号 | 状态 | 备注 |
| 1 | 1061596 | 210615967 | 第二样本阅览室/ [索取号:K265.506/138:5] | 在馆 | |
| 2 | 1061597 | 210615976 | 密集书库-史法系/ [索取号:K265.506/138:5] | 在馆 | |
| 3 | 1061598 | 210615985 | 第二借阅区/ [索取号:K265.506/138:5] | 在馆 | |
| 4 | 1061599 | 210615994 | 第二借阅区/ [索取号:K265.506/138:5] | 在馆 | |
| 5 | 1061600 | 210616001 | 第二借阅区/ [索取号:K265.506/138:5] | 在馆 | |
| 6 | 1061601 | 210616010 | 第二借阅区/ [索取号:K265.506/138:5] | 在馆 |